| 000 | 005430000a22001810004500 | ||
|---|---|---|---|
| 003 | MACL | ||
| 005 | 20160603115743.0 | ||
| 008 | 160603b xxu||||| |||| 00| 0 eng d | ||
| 040 |
_aMACL _cMACL |
||
| 041 | _aHindi | ||
| 082 | _a910 DAS | ||
| 100 |
_aदास, मनोज _92015 |
||
| 245 |
_aमेरा नन्हा भारत _cमनोज दास |
||
| 260 |
_bनेशनल बुक ट्रस्ट _c2005 _aनई दिल्ली |
||
| 350 | _a75 | ||
| 650 |
_aTravel _961936 |
||
| 942 |
_cHIN _k800 _2ddc |
||
| 999 |
_c11666 _d11666 |
||